| 000 | 00564nam a2200229Ia 4500 | ||
|---|---|---|---|
| 001 | 12096 | ||
| 003 | GE_BSU | ||
| 008 | 181216s||||||||xx |||||||||||||| ||und|| | ||
| 020 | _a9780080450503 | ||
| 040 | _cGE_BSU | ||
| 080 | _a658 | ||
| 245 | _aHandbook of Hospitality MArketing Management | ||
| 245 | _cEditor:Haemoon Oh. | ||
| 260 | _aAmsterdam | ||
| 260 | _bElsevier | ||
| 260 | _c2008 | ||
| 300 | _a552p.24cm. | ||
| 541 | _h137Gel. | ||
| 653 | _aHandbook of Hospitality MArketing Management | ||
| 653 | _aმარკეტინგი | ||
| 942 | _cBK | ||
| 999 |
_c45272 _d45272 |
||